| 000 | 01175nam a2200313 a 4500 | ||
|---|---|---|---|
| 001 | 33308 | ||
| 003 | BD-RjUL | ||
| 005 | 20211209052002.0 | ||
| 008 | 140507s1993 caua b 001 0 eng | ||
| 020 | _a0803951280 | ||
| 035 | _a(BD-RjUL)33399 | ||
| 040 |
_aDLC _cDLC _dDLC _dBD-RjUL _beng |
||
| 041 | _aeng | ||
| 082 | 0 | 0 |
_a300.1519536 _220 _bHAR 1993 |
| 100 | 1 |
_aHardy, Melissa A., _d1952- _9101134 |
|
| 245 | 1 | 0 |
_aRegression with dummy variables / _cMelissa A. Hardy. |
| 260 |
_aNewbury Park : _bSage Publications, _cc1993. |
||
| 300 |
_avi, 90 p. : _bill. ; _c22 cm. |
||
| 504 | _aIncludes bibliographical references (p. 88-90). | ||
| 650 | 0 |
_aSocial sciences _xStatistical methods. _9904 |
|
| 650 | 0 |
_aRegression analysis. _95588 |
|
| 650 | 0 |
_aDummy variables. _9101136 |
|
| 856 | 4 | 2 |
_3Publisher description _uhttp://www.loc.gov/catdir/enhancements/fy0655/92041965-d.html |
| 856 | 4 | 1 |
_3Table of contents only _uhttp://www.loc.gov/catdir/enhancements/fy0655/92041965-t.html |
| 942 |
_2ddc _cBK |
||
| 999 |
_c33308 _d33308 |
||